DOOM (2016) Slayer's Testament - Statistics

General Stats
  • This quiz has been taken 16 times
  • The average score is 13 of 45
Answer Stats
Hint Answer % Correct
In the first __________, age
100%
Tempered by the fires of ___________, Hell
92%
a warning to all of _____ that the terror within must never be freed. Hell
92%
and he hunted the slaves of ________ with barbarous cruelty; Doom
83%
Yet as the mighty Titan fell and dread engulfed the armies of ______, Doom
83%
and those that tasted the bite of his sword named him....... the ________ ___________. Doom Slayer
83%
When the shadows first ___________, one stood. lengthened
83%
he chose the path of perpetual ______________. torment
83%
In the first __________, battle
75%
seeking vengeance against the __________ Lords who had wronged him. Dark
75%
and with boiling blood he scoured the ________ Plains, Umbral
75%
Burned by the embers of ______________, Armageddon
33%
He wore the crown of the _______ __________, Night Sentinels
33%
They knew he would come, as he always had, as he always will, to feast on the ______ of the wicked. blood
25%
for he passed through the divide as none but __________ had before. demon
25%
In his ____________ hatred he found no peace; hatred
25%
a champion mightier than all who had come before. The _______, of immeasurable power and ferocity. Titan
25%
but there fell the ________, and in his defeat the shadow hordes were routed. Titan
25%
his iron will remained steadfast through the passage that preys upon the _________. weak
25%
his soul blistered by the fires of Hell and tainted beyond ____________, ascension
17%
For he alone was the _____ _________, Hell Walker
17%
And in his terrible rancor between worlds and through time, The ____ ______ found the wretch who shall not be named, but in his heresy was loyal to his evil cause. Hell Walker
17%
Unbreakable, ___________, unyielding, the Doom Slayer sought to end the dominion of the Dark Realm incorruptible
17%
and with his might he crushed the obsidian _______ of the Blood Temples. pillars
17%
For he alone could draw ______ from his fallen foes, and ever his power grew, swift and unrelenting. power
17%
In his crusade, the ___________ bestowed upon him terrible power and speed, seraphim
17%
The _______ adorned the Doom Slayer in a mighty armor, wrought in the forges of Hell, impenetrable and unyielding. wretch
17%
And in his conquest against the ___________ souls of the doomed, his prowess was shown. blackened
8%
None could stand before the ______ but the Doom Slayer. horde
8%
The ______ of the Doom Slayer was burned upon his crypt, mark
8%
Despair spread before him like a _______, striking fear into the hearts of the shadow dwellers, driving them to deeper and darker pits. plague
8%
He strode upon the _______ and faced the Doom Slayer, and a mighty battle was fought on the desolate plains. plain
8%
the unchained ____________ who sought retribution in all quarters of dark and light, fire and ice, in the beginning and the end, predator
8%
The priests brought down the _________ upon the Doom Slayer, temple
8%
With his sword and shield of __________ strength, the Doom Slayer set to banishing all that were left unbroken by his savagery to the void. adamantine
0%
The Titan fought with the ______ of the countless that had fallen at the Doom Slayer's hand, fury
0%
But from the depths of the Abyss rose the ______ ____, Great One
0%
Insatiable, even by the vanquishing of the _____ _____, The Hell Walker sought prey in the tombs of the Blood Keep. Great One
0%
And blinded by his fervor, the _____ drew him in. lure
0%
He set forth without pity upon the beasts of the ____ ______. Nine Circles
0%
the demon ________ priests of the Blood Temples laid a trap to capture this scourge of Hell. priests
0%
The age of his __________ was uncounted. reckoning
0%
and in his defeat entombed him in the cursed ____________. sarcophagus
0%
There he lies still and ever more, in _______ suffering. silent
0%
The scribes carved his name deep in the _______ of Hell across eons, and each battle etched terror in the hearts of demons. tablets
0%
No matching quizzes found
Score Distribution
Percent of People with Each Score
Percentile by Number Answered
Your Score History
You have not taken this quiz